| 000 | 00351nam a22001217a 4500 | ||
|---|---|---|---|
| 020 | _a9781682851982 | ||
| 082 |
_a338.4791 _bMOR |
||
| 100 | _aMoretti, Aurora | ||
| 245 |
_aSales and Marketing for Travels and Tourism Industry / _cAurora Moretti |
||
| 260 |
_aNew York : _bWillford Press, _c2016. |
||
| 300 |
_a235 p. ; _c28 cm. |
||
| 942 |
_2ddc _cBK |
||
| 999 |
_c590524 _d590524 |
||